Produkčné funkcie na báze údajov z regionálnej štatistiky

Prezentácia metodického postupu, v ktorom ako syntetizujúci indikátor produkčnej spôsobilosti je produktivita práce. Model indikátorov produktivity. Aplikácia navrhovaného trojzložkového modelu.

Guardado en:
Detalles Bibliográficos
Autor principal: Pardelová, Ružena
Otros Autores: Bolgáč, Ján, 1959-
Formato: Capítulo de libro
Lenguaje:eslovaco
Materias:
Etiquetas: Agregar Etiqueta
Sin Etiquetas, Sea el primero en etiquetar este registro!

MARC

LEADER 00000naa$a2200000$$$4500
001 0019379
005 20240502071408.4
041 0 |a slo 
044 |a SK 
245 1 0 |a Produkčné funkcie na báze údajov z regionálnej štatistiky  |c Ružena Pardelová, Ján Bolgáč 
520 |a Prezentácia metodického postupu, v ktorom ako syntetizujúci indikátor produkčnej spôsobilosti je produktivita práce. Model indikátorov produktivity. Aplikácia navrhovaného trojzložkového modelu. 
610 2 0 |a modely ekonomicko-matematické 
610 2 0 |a modely štatistické 
610 2 0 |a štatistika regionálna 
610 2 0 |a produktivita práce 
610 2 0 |a analýza ekonometrická 
610 2 0 |a analýza pyramídová 
610 2 0 |a analýza štatistická 
610 2 0 |a funkcie produkčné 
610 2 0 |a miera nezamestnanosti 
100 1 |a Pardelová, Ružena 
700 1 |a Bolgáč, Ján, 1959-